00400 2200157 4500001002100000008004100021035002000062245003700082100002000119260002500139300002200164020002200186084001400208082000800222990001200230INLIS000000000002859 IND  a0010-0925000206 aTentang SahabatcEdelweis Almira aEdelweis Almira aJakartabZettuc2013 a220c(13 x 19 cm) a978-602-7735-30-9 a813 EDE t a813 a0755081